| 000 | 00582nam a22001937a 4500 | ||
|---|---|---|---|
| 003 | DO-SdBNP | ||
| 005 | 20171023112020.0 | ||
| 008 | 171019b 2006|||| |||| 00| 0 spa d | ||
| 020 | _a9789945160154 | ||
| 040 |
_aBPMSU _bspa _cBPMSU |
||
| 100 | 1 | _aSolano, Miguel | |
| 245 | 1 | 0 |
_aSinfonía del águila / _cMiguel Solano |
| 260 |
_aSanto Domingo : _bEdiciones AQI ; _c2006 |
||
| 300 |
_a105 p. : _c22 cm. |
||
| 500 | _aIncluye datos biográficos del autor en la solapa de la cubierta | ||
| 942 |
_2ddc _cBK |
||
| 945 | _aInventariado / 2017 VM | ||
| 956 |
_aBTAVAREZ _b10 _c20171019 _d0038 |
||
| 999 |
_c12639 _d12639 |
||